Statistics for World Cities by Football Club

Click here to take the quiz!

General Stats

  • This quiz has been taken 174 times
  • The average score is 25 of 36

Answer Stats

Answer% Correct
Barcelona
97%
London
96%
Manchester
95%
Rome
95%
Liverpool
94%
Paris
94%
Athens
90%
Los Angeles
90%
Madrid
90%
Berlin
88%
Milan
86%
Turin
86%
Naples
85%
Sydney
84%
Lisbon
81%
Belgrade
79%
São Paulo
79%
Istanbul
78%
Kiev
73%
Buenos Aires
72%
Shanghai
69%
Toronto
69%
Johannesburg
67%
Rio de Janeiro
66%
Moscow
65%
Mexico City
64%
Cairo
63%
New York City
63%
Bucharest
51%
Santiago
49%
Bangkok
35%
Beijing
35%
Montevideo
34%
Seoul
33%
Mumbai
28%
Tokyo
18%

Score Distribution

Percentile by Number Answered

Percent of People with Each Score

Your Score History

You have not taken this quiz